Univerzity ako determinant lokalizácie vzdelaného ľudského kapitálu
Schopnosť regiónu produkovať a priťahovať vzdelaný ľudský kapitál ako jeden z najvýznamnejších predpokladov regionálneho rastu. Dôležitý dopad univerzít na formovanie regionálneho prostredia. Vplyv na distribúciu kvalitného ľudského kapitálu. Modelovanie vzťahu medzi lokalizáciou univerzít a čistou...
Guardado en:
| Autor principal: | |
|---|---|
| Otros Autores: | , |
| Formato: | Capítulo de libro |
| Lenguaje: | eslovaco |
| Materias: | |
| Etiquetas: |
Sin Etiquetas, Sea el primero en etiquetar este registro!
|
MARC
| LEADER | 00000nla a2200000 4500 | ||
|---|---|---|---|
| 001 | 0246034 | ||
| 005 | 20240417075140.7 | ||
| 041 | 0 | |a slo | |
| 044 | |a CZ | ||
| 245 | 1 | 0 | |a Univerzity ako determinant lokalizácie vzdelaného ľudského kapitálu |c Katarína Melichová, Michal Hrivnák, Mária Fáziková |
| 520 | |a Schopnosť regiónu produkovať a priťahovať vzdelaný ľudský kapitál ako jeden z najvýznamnejších predpokladov regionálneho rastu. Dôležitý dopad univerzít na formovanie regionálneho prostredia. Vplyv na distribúciu kvalitného ľudského kapitálu. Modelovanie vzťahu medzi lokalizáciou univerzít a čistou mierou migrácie vzdelaných na Slovensku. | ||
| 610 | 2 | 0 | |a univerzity |
| 610 | 2 | 0 | |a vzdelávanie vysokoškolské |
| 610 | 2 | 0 | |a migrácia |
| 610 | 2 | 0 | |a pohyb síl pracovných |
| 610 | 2 | 0 | |a kapitál ľudský |
| 610 | 2 | 0 | |a rozvoj regionálny |
| 610 | 2 | 0 | |a modely regresné |
| 610 | 2 | 0 | |a Slovensko |
| 100 | 1 | |a Melichová, Katarína | |
| 700 | 1 | |a Hrivnák, Michal | |
| 700 | 1 | |a Fáziková, Mária | |